Desaťročná bilancia poľnohospodárov /Bilancia poľnohospodárstva za r. 1970-1980 v Stredoslovenskom kraji./

Bibliographic Details
Main Author: Valent, Ján (Author)
Format: Article
Language:Slovak
Subjects:

MARC

LEADER 00000nab a2200000 a 4500
001 vtls000081153
003 SK-MaSNL
005 20260303031751.0
008 111103c1981 xo 0 slo
015 |a SNBRB19rr/mm-uuuuu 
035 |a CL0091254 
040 |a SNKBUCL  |b slo  |c SNKBUCL  |e AACR2 
041 0 |a slo 
044 |a xo  |c SK 
080 |a 631.1  |2 1981 
100 1 |a Valent, Ján  |4 aut  |9 322419 
245 1 0 |a Desaťročná bilancia poľnohospodárov  |b /Bilancia poľnohospodárstva za r. 1970-1980 v Stredoslovenskom kraji./  |c Ján Valent 
650 0 7 |a poľnohospodárstvo  |2 snkbucl  |9 679 
651 7 |a 5300  |2 snkbucl  |9 279425 
655 7 |a články z novín a časopisov  |2 snkbucl  |9 267496 
773 0 |t Smer  |g Roč. 33, č. 56 (7. 3. 1981), s. 4 
850 |a Slovenská národná knižnica v Martine  |a MTA001 
852 |a SNK  |b KIS3GCP 
958 |a RK 
992 |a RBX 
999 |c 1660102  |d 1662032